Cities with all 4 major sports - Statistics

General Stats
  • This quiz has been taken 515 times
    416 since last reset
  • The average score is 7 of 10
Answer Stats
City % Correct
New York City
95%
Arlington-Dallas
79%
Boston
74%
Chicago
74%
Detroit
61%
Philadelphia
59%
Denver
56%
Washington D.C.
56%
Phoenix
49%
Minneapolis-St. Paul
47%
No matching quizzes found
Score Distribution
Percent of People with Each Score
Percentile by Number Answered
Your Score History
You have not taken this quiz since the last reset